000 00394nam a2200169Ia 4500
003 0STCL
008 150530s9999 xx 000 0 und d
040 _aSTCL
_cSTCL
100 _aFoster, R.; Editor
245 _aSix American novelists of the nineteenth century
250 _aFirst
260 _c1970
546 _aEnglish
942 _2ddc
_cBK
999 _c67284
_d67284
005 20220125171340.0